اختبار الدكاكنة - Statistics

الإحصائيات العامة
  • هذا الإختبار تم الخضوع له 31 مره
  • الدرجة المتوسطة هي 3 من 8
إحصائيات الإجابة
Question Answer % صحيح
من هو العدو الأساسي للدولة دولة العكاكشة
64%
ماهي اسماء بوبي كل ما ذكر
55%
( 2020 )ماهي عقوبة رانيا اذا مادارتش لهشام حليب تطرد من فريق الدكاكنة
36%
ماذا كان منصب بوبي وزير
27%
من هو مؤسس دولة الكماشين هشام
27%
متى انتهي عصر الدكاكنة الدكاكنة أحياء للأبد
27%
ماهي الدولة التي اسستها رانيا بعد طردها من الفريق خنزستان
18%
شحال هبطت الشهرية تاع رانيا عشرلاف
9%
No matching quizzes found
توزيع النقاط
نسبة الأشخاص لكل درجة
النسبة وفقا للأرقام
سجل النقاط الخاصة بك
لم تضخع لهذا الإختبار